00917nab a2200205 4500003001000000005001700010008004100027040001400068041000800082100005100090245005900141260003500200300001300235500031900248650001200567650001200579650001200591650001500603773009300618AR-RoBPED20260421100609.0260421b |||||||| |||| 00| 0 spa d aAR-RoBPED aspa1 aRapetti, Marina FlorenciaeProfesora en letras1 aHabitar la lectura literaria en tiempos artificiales / aBuenos Aires :bNoveduc,c2024 a15-17 p. aLa autora caracteriza a la escuela como un ámbito donde circula la palabra poética, donde se escuchan distintas voces, perspectivas y parecedes. Desde allí, señala la necesidad de construir espacios de lectura en las instituciones educativas para garantizar el acceso democrático a los bienes culturales. 7aLECTURA 7aNIÑOS 7aESCUELA 7aLITERATURA0 020414dBuenos Aires : Noveduc, 1993-tNovedades Educativasw(AR-RoBPED)20414x03283534